[Event "COL-ch sf"]
[Site "Pereira"]
[Date "2024.03.30"]
[Round "9"]
[White "Jaramillo, Carlos Orlando"]
[Black "Valle, Efrain"]
[Result "0-1"]
[WhiteElo "1834"]
[BlackElo "1941"]
[PlyCount "48"]
[EventDate "2024.03.26"]
[EventType "swiss"]
[EventRounds "11"]
[EventCountry "COL"]
[SourceTitle "CB14_2024"]
[SourceDate "2024.04.01"]
[SourceVersion "1"]
[SourceVersionDate "2024.04.01"]
[SourceQuality "1"]

1. b4 Nf6 2. Nf3 a5 3. b5 c6 4. a4 d5 5. e3 Bg4 6. d4 Nbd7 7. Be2 Bxf3 8. gxf3 e5 9. dxe5 Nxe5 10. Qd4 Bb4+ 11. c3 Bd6 12. Ba3 0-0 13. f4 Ng6 14. f5 Ne7 15. Bd3 Bxa3 16. Nxa3 Qd6 17. Rg1 h6 18. Kd2 Rad8 19. Qh4 Ne4+ 20. Kc2 Nxf5 21. Qh5 Qe5 22. Qd1 Qxc3+ 23. Kb1 Nd2+ 24. Ka2 Qxd3 0-1

[Event "COL-ch sf"]
[Site "Pereira"]
[Date "2024.03.29"]
[Round "7"]
[White "Jaramillo, Carlos Orlando"]
[Black "Marin Florez, Schmidt"]
[Result "1-0"]
[WhiteElo "1834"]
[BlackElo "1909"]
[PlyCount "87"]
[EventDate "2024.03.26"]
[EventType "swiss"]
[EventRounds "11"]
[EventCountry "COL"]
[SourceTitle "CB14_2024"]
[SourceDate "2024.04.01"]
[SourceVersion "1"]
[SourceVersionDate "2024.04.01"]
[SourceQuality "1"]

1. b4 e5 2. a3 Nf6 3. Bb2 d6 4. g3 c6 5. Bg2 Be7 6. c4 Qc7 7. Nc3 Be6 8. d3 Nbd7 9. Rc1 h6 10. Nd5 Bxd5 11. cxd5 c5 12. bxc5 dxc5 13. Qb3 Bd6 14. Nf3 0-0 15. 0-0 b6 16. d4 Rad8 17. dxe5 Bxe5 18. Nxe5 Nxe5 19. Rfd1 Qd6 20. f4 Ned7 21. e4 Nh7 22. e5 Qe7 23. d6 Qe6 24. Bd5 Qg6 25. Bxf7+ Rxf7 26. e6 Nhf6 27. exf7+ Qxf7 28. Qxf7+ Kxf7 29. Re1 Ng8 30. Rcd1 Nb8 31. f5 Rd7 32. Re6 Nf6 33. h3 h5 34. Kg2 Nc6 35. Kf3 Na5 36. Rde1 Nc6 37. g4 hxg4+ 38. hxg4 Ng8 39. g5 Rd8 40. Rh1 Rd7 41. Rh7 Kf8 42. f6 Kf7 43. Rxg7+ Kxe6 44. Rxd7 1-0

[Event "Pereira op"]
[Site "Pereira"]
[Date "2023.09.23"]
[Round "2"]
[White "Caicedo Vallejo, Jacobo"]
[Black "Jaramillo, Carlos Orlando"]
[Result "1/2-1/2"]
[WhiteElo "1211"]
[BlackElo "1786"]
[PlyCount "110"]
[EventDate "2023.09.23"]
[EventType "swiss"]
[EventRounds "6"]
[EventCountry "COL"]
[SourceTitle "EXT 2024"]
[Source "ChessBase"]
[SourceDate "2023.10.10"]
[SourceVersion "1"]
[SourceVersionDate "2023.10.10"]
[SourceQuality "1"]

1. e4 a6 2. d4 d5 3. exd5 Qxd5 4. Nc3 Qd6 5. Bc4 Nf6 6. Nge2 b5 7. Bd3 Bb7 8. 0-0 b4 9. Nb1 e6 10. Bf4 Qc6 11. f3 Bd6 12. Bxd6 cxd6 13. c4 0-0 14. Nd2 Nbd7 15. Rc1 Qb6 16. Ne4 Rac8 17. Kh1 e5 18. dxe5 dxe5 19. Nd6 Rcd8 20. Nxb7 Qxb7 21. Qc2 Nc5 22. Rfd1 e4 23. fxe4 Ng4 24. Nf4 Ne3 25. Qf2 Nxd3 26. Rxd3 Rxd3 27. Nxd3 Qxe4 28. Nxb4 a5 29. Re1 Ng4 30. Qd2 Qxc4 31. Nd5 Qxa2 32. h3 Nh6 33. Ne7+ Kh8 34. Nc6 a4 35. Qd6 Ra8 36. Nd8 Ng8 37. Qf8 Rxd8 38. Qxd8 h6 39. Re8 f6 40. Qd7 Qc4 41. Qe6 Qf1+ 42. Kh2 Qf4+ 43. Kg1 Qc1+ 44. Kf2 Qxb2+ 45. Kf3 Qc3+ 46. Qe3 Qxe3+ 47. Kxe3 g6 48. Kf4 Kg7 49. Ra8 Ne7 50. Rxa4 Nd5+ 51. Kg3 Kf7 52. Ra7+ Ke6 53. Rh7 Ne7 54. Kf3 h5 55. h4 Nf5 1/2-1/2

[Event "Pereira op"]
[Site "Pereira"]
[Date "2023.09.23"]
[Round "3"]
[White "Jaramillo, Carlos Orlando"]
[Black "Susunaga Duran, Madelen Fernanda"]
[Result "1-0"]
[WhiteElo "1786"]
[BlackElo "1390"]
[PlyCount "40"]
[EventDate "2023.09.23"]
[EventType "swiss"]
[EventRounds "6"]
[EventCountry "COL"]
[SourceTitle "EXT 2024"]
[Source "ChessBase"]
[SourceDate "2023.10.10"]
[SourceVersion "1"]
[SourceVersionDate "2023.10.10"]
[SourceQuality "1"]

1. b4 e6 2. Bb2 d5 3. e3 Nf6 4. b5 c5 5. Nf3 Be7 6. Be2 0-0 7. 0-0 Qb6 8. a4 Qc7 9. d3 Nbd7 10. Nbd2 Ne8 11. c4 Bf6 12. d4 b6 13. Qb3 Bb7 14. Rfc1 g6 15. cxd5 Bxd5 16. Qc2 Nd6 17. e4 Rfe8 18. exd5 exd5 19. Bf1 c4 20. Bc3 Ne4 1-0

[Event "Manizales op 28th"]
[Site "Manizales"]
[Date "2023.01.07"]
[Round "4"]
[White "Jaramillo, Carlos Orlando"]
[Black "Hernandez Pinzon, Helvert"]
[Result "1-0"]
[WhiteElo "1770"]
[BlackElo "1899"]
[PlyCount "113"]
[EventDate "2023.01.05"]
[EventType "swiss"]
[EventRounds "8"]
[EventCountry "COL"]
[SourceTitle "CBM 212 Extra"]
[Source "ChessBase"]
[SourceDate "2023.03.31"]
[SourceVersion "1"]
[SourceVersionDate "2023.03.31"]
[SourceQuality "1"]

1. e3 e5 2. c4 Nf6 3. Nc3 d5 4. cxd5 Nxd5 5. Bc4 Nxc3 6. bxc3 Bd6 7. Ne2 0-0 8. 0-0 Qh4 9. f4 Nc6 10. d4 exd4 11. cxd4 Bg4 12. h3 Bf5 13. Bd3 Bxd3 14. Qxd3 Rad8 15. Rb1 b6 16. Qe4 Ne7 17. Qf3 f5 18. Bd2 a5 19. Nc3 Bb4 20. Be1 Qf6 21. Nb5 Bxe1 22. Rfxe1 Nd5 23. Rbc1 Rf7 24. Nc3 Nxc3 25. Rxc3 c5 26. Rec1 cxd4 27. exd4 Qxd4+ 28. Kh2 Re7 29. Rc8 Red7 30. Qb3+ Kh8 31. R8c4 Qd6 32. Qb5 Rf7 33. Qc6 Qxc6 34. Rxc6 Rb7 35. Rd6 Rbb8 36. Re6 Kg8 37. Rcc6 b5 38. Re5 a4 39. Rc7 Kh8 40. Rxf5 Rf8 41. Rb7 Kg8 42. Rxf8+ Rxf8 43. Kg3 Rf5 44. Kg4 Rc5 45. g3 h6 46. f5 Rd5 47. Kf4 Rd4+ 48. Ke3 Rb4 49. Kf3 Rb2 50. Kg4 Rxa2 51. Kh5 Ra3 52. g4 Kh7 53. h4 Rb3 54. f6 Rg3 55. Rxg7+ Kh8 56. Kxh6 Rc3 57. Kg6 1-0

[Event "Manizales op 28th"]
[Site "Manizales"]
[Date "2023.01.06"]
[Round "3"]
[White "Agudelo Ramirez, Santiago"]
[Black "Jaramillo, Carlos Orlando"]
[Result "0-1"]
[WhiteElo "1368"]
[BlackElo "1770"]
[PlyCount "50"]
[EventDate "2023.01.05"]
[EventType "swiss"]
[EventRounds "8"]
[EventCountry "COL"]
[SourceTitle "CBM 212 Extra"]
[Source "ChessBase"]
[SourceDate "2023.03.31"]
[SourceVersion "1"]
[SourceVersionDate "2023.03.31"]
[SourceQuality "1"]

1. e4 e5 2. Nf3 d6 3. Bc4 Be7 4. Nc3 Nf6 5. d3 c6 6. Be3 Bg4 7. h3 Bh5 8. g4 Bg6 9. Qd2 b5 10. Bb3 Nbd7 11. 0-0-0 a5 12. a3 b4 13. axb4 axb4 14. Na2 c5 15. h4 h5 16. g5 Ng4 17. Bd5 Qa5 18. Bxa8 Qxa2 19. Qe2 Qxa8 20. Rh3 Qa1+ 21. Kd2 Qxb2 22. Qe1 Nxe3 23. fxe3 Qc3+ 24. Ke2 Qxe1+ 25. Kxe1 0-0 0-1

[Event "Manizales Americas op"]
[Site "Manizales"]
[Date "2022.10.17"]
[Round "8"]
[White "Nunez Villavicencio, Jorge Daniel"]
[Black "Jaramillo, Carlos Orlando"]
[Result "1-0"]
[WhiteElo "1643"]
[BlackElo "1779"]
[PlyCount "83"]
[EventDate "2022.10.14"]
[EventType "swiss"]
[EventRounds "8"]
[EventCountry "COL"]
[SourceTitle "CBM 210 Extra"]
[Source "ChessBase"]
[SourceDate "2022.11.30"]
[SourceVersion "1"]
[SourceVersionDate "2022.11.30"]
[SourceQuality "1"]

1. e4 e6 2. d4 Ne7 3. Nf3 g6 4. Bg5 Bg7 5. Qd2 h6 6. Be3 b6 7. Nc3 Bb7 8. 0-0-0 d6 9. Kb1 Nd7 10. Ng1 a6 11. f3 c6 12. g4 Qc7 13. Nge2 b5 14. Bg2 Nb6 15. Ka1 Nc4 16. Qd3 Nxe3 17. Qxe3 a5 18. f4 a4 19. e5 d5 20. a3 Qa5 21. Na2 Kd7 22. Ng3 Kc7 23. f5 gxf5 24. gxf5 Bf8 25. c3 Bc8 26. Bh3 Bd7 27. Nb4 Nc8 28. Rhf1 Nb6 29. fxe6 Nc4 30. Qc1 fxe6 31. Rf7 Re8 32. Nd3 Kc8 33. Rdf1 Qd8 34. Nh5 Re7 35. Rxe7 Bxe7 36. Nf6 Rf8 37. Nxd7 Rxf1 38. Qxf1 Kxd7 39. Qf7 Qf8 40. Nc5+ Kc8 41. Qxe6+ Kb8 42. Nd7+ 1-0

[Event "Manizales Americas op"]
[Site "Manizales"]
[Date "2022.10.14"]
[Round "1"]
[White "Jaramillo, Carlos Orlando"]
[Black "Alzate Herrera, Juan Jose"]
[Result "1-0"]
[WhiteElo "1779"]
[BlackElo "1536"]
[PlyCount "49"]
[EventDate "2022.10.14"]
[EventType "swiss"]
[EventRounds "8"]
[EventCountry "COL"]
[SourceTitle "CBM 210 Extra"]
[Source "ChessBase"]
[SourceDate "2022.11.30"]
[SourceVersion "1"]
[SourceVersionDate "2022.11.30"]
[SourceQuality "1"]

1. b4 g6 2. d4 Bg7 3. e4 e6 4. Nf3 Nc6 5. b5 Nxd4 6. Nxd4 b6 7. Bb2 Nf6 8. Bd3 Bb7 9. 0-0 0-0 10. Qe2 Rc8 11. Nd2 Re8 12. c4 c5 13. N4f3 d6 14. Rad1 e5 15. Bc2 Rc7 16. Rfe1 Rce7 17. Nf1 Nd7 18. Rxd6 Re6 19. Rxe6 Rxe6 20. Ne3 f5 21. exf5 gxf5 22. Bxf5 Rf6 23. Rd1 Rf7 24. Be6 Qe7 25. Ng5 1-0

[Event "Pereira Fiestas de la Cosecha"]
[Site "Pereira"]
[Date "2022.08.27"]
[Round "8"]
[White "Vargas, Eduar Misael"]
[Black "Jaramillo, Carlos Orlando"]
[Result "1/2-1/2"]
[WhiteElo "1870"]
[BlackElo "1784"]
[PlyCount "109"]
[EventDate "2022.08.24"]
[EventType "swiss"]
[EventRounds "10"]
[EventCountry "COL"]
[SourceTitle "CBM 210 Extra"]
[Source "ChessBase"]
[SourceDate "2022.11.30"]
[SourceVersion "1"]
[SourceVersionDate "2022.11.30"]
[SourceQuality "1"]

1. d4 c5 2. dxc5 e6 3. Nc3 Bxc5 4. Ne4 d5 5. Nxc5 Qa5+ 6. c3 Qxc5 7. Nf3 Nf6 8. Bf4 Nc6 9. e3 0-0 10. Be2 Re8 11. h3 e5 12. Bh2 a6 13. 0-0 h6 14. Rc1 Bf5 15. b4 Qe7 16. b5 axb5 17. Bxb5 e4 18. Nd4 Bd7 19. a4 Ne5 20. Qb3 Nd3 21. Ra1 Rec8 22. Bxd3 exd3 23. Qxb7 Ne4 24. Nb5 Nc5 25. Qxd5 Bc6 26. Qf5 Qe4 27. Qxe4 Nxe4 28. Be5 Nc5 29. Rfd1 Nxa4 30. Nd6 Rd8 31. Rxd3 f6 32. Bg3 Nxc3 33. Rxa8 Ne2+ 34. Kh2 Bxa8 35. Rd2 Nxg3 36. Kxg3 g6 37. Nc4 Rxd2 38. Nxd2 Kf7 39. Nb3 Ke6 40. f3 Ke5 41. Kf2 f5 42. Nc1 g5 43. Ne2 Bb7 44. f4+ Kf6 45. g4 fxg4 46. hxg4 Bc8 47. Kg3 Bd7 48. Nd4 Be8 49. Nf3 Bc6 50. Ne5 Be8 51. Nc4 Bc6 52. Nd2 Bb7 53. f5 h5 54. gxh5 Kxf5 55. e4+ 1/2-1/2

[Event "Pereira Fiestas de la Cosecha"]
[Site "Pereira"]
[Date "2022.08.26"]
[Round "5"]
[White "Jaramillo, Carlos Orlando"]
[Black "Morales, Luis Eduardo"]
[Result "0-1"]
[WhiteElo "1784"]
[BlackElo "1629"]
[PlyCount "138"]
[EventDate "2022.08.24"]
[EventType "swiss"]
[EventRounds "10"]
[EventCountry "COL"]
[SourceTitle "CBM 210 Extra"]
[Source "ChessBase"]
[SourceDate "2022.11.30"]
[SourceVersion "1"]
[SourceVersionDate "2022.11.30"]
[SourceQuality "1"]

1. b4 e5 2. Bb2 Bxb4 3. Bxe5 Nf6 4. c3 Ba5 5. Qa4 Nc6 6. Bg3 0-0 7. Nf3 Bb6 8. Na3 d5 9. e3 Re8 10. d4 Ne4 11. Rc1 Ba5 12. Nb1 a6 13. Ne5 Nxe5 14. Qxa5 Nxg3 15. hxg3 Ng4 16. Bd3 h6 17. 0-0 Qg5 18. Nd2 Qh5 19. Nf3 b6 20. Qa4 Re6 21. e4 b5 22. Qc2 Rf6 23. Nh4 g5 24. Be2 gxh4 25. Bxg4 Qxg4 26. gxh4 Qxh4 27. exd5 Rf5 28. Rce1 Rh5 29. Re8+ Kg7 30. f3 Bb7 31. Re4 Qh2+ 32. Kf2 Bxd5 33. Rg4+ Kh8 34. Re1 Rg5 35. Rxg5 hxg5 36. Re5 Qh4+ 37. Kg1 Bc6 38. Qf5 Qf4 39. Qxg5 Qxg5 40. Rxg5 Rg8 41. Rc5 Bxf3 42. Kf2 Be4 43. g3 c6 44. Re5 Bd5 45. a3 a5 46. Rh5+ Kg7 47. Ke3 Rh8 48. Re5 Rh1 49. Kd2 Ra1 50. g4 Rxa3 51. g5 Kg6 52. Kc2 Ra2+ 53. Kb1 Rg2 54. Re8 Kxg5 55. Ra8 a4 56. Ka1 Kf4 57. Re8 Rc2 58. Re1 Rxc3 59. Kb2 Rd3 60. Ka1 Rxd4 61. Kb1 Rd2 62. Rf1+ Ke3 63. Ka1 b4 64. Re1+ Kd3 65. Rg1 Kc2 66. Rc1+ Kd3 67. Re1 a3 68. Rc1 b3 69. Rg1 b2+ 0-1

[Event "Pereira Fiestas de la Cosecha"]
[Site "Pereira"]
[Date "2022.08.26"]
[Round "6"]
[White "Paez, Adolfo"]
[Black "Jaramillo, Carlos Orlando"]
[Result "0-1"]
[WhiteElo "1581"]
[BlackElo "1784"]
[PlyCount "112"]
[EventDate "2022.08.24"]
[EventType "swiss"]
[EventRounds "10"]
[EventCountry "COL"]
[SourceTitle "CBM 210 Extra"]
[Source "ChessBase"]
[SourceDate "2022.11.30"]
[SourceVersion "1"]
[SourceVersionDate "2022.11.30"]
[SourceQuality "1"]

1. e4 c5 2. Nf3 e6 3. d4 cxd4 4. Nxd4 Nf6 5. Bd3 Nc6 6. Nxc6 bxc6 7. 0-0 d6 8. Nc3 Rb8 9. b3 Be7 10. Bb2 0-0 11. Rb1 Qa5 12. a4 Nd7 13. Be2 Bf6 14. Na2 Bxb2 15. Rxb2 Qe5 16. Rb1 Nf6 17. f3 d5 18. exd5 Nxd5 19. Bc4 Ne3 20. Qe2 Nxc4 21. Qxc4 Qe3+ 22. Kh1 Qb6 23. Rfd1 Ba6 24. Qe4 Rfd8 25. Nc3 Qc5 26. Qe1 h6 27. Rbc1 Qe7 28. Qe3 c5 29. Ne4 Rd5 30. Rxd5 exd5 31. Qxc5 Qd7 32. Qd4 Qc6 33. Ng3 g6 34. Qd2 Kh7 35. Kg1 Re8 36. Rd1 Bb7 37. Ne2 Qc5+ 38. Nd4 a5 39. h3 Ba6 40. Kh1 Re5 41. c3 Bb7 42. Nb5 Qe7 43. Nd4 Qh4 44. Kg1 Bc8 45. Qf2 Qf6 46. Re1 Rh5 47. Qf1 Qf4 48. Qf2 Rg5 49. Ne2 Qd2 50. h4 Re5 51. Kf1 Ba6 52. g3 Qxc3 53. Kg2 Qxe1 54. Qxe1 Rxe2+ 55. Qxe2 Bxe2 56. Kf2 Bd1 0-1

[Event "Pereira Fiestas de la Cosecha"]
[Site "Pereira"]
[Date "2022.08.24"]
[Round "2"]
[White "Castaneda Montoya, Pedro Maria"]
[Black "Jaramillo, Carlos Orlando"]
[Result "0-1"]
[WhiteElo "1404"]
[BlackElo "1784"]
[PlyCount "68"]
[EventDate "2022.08.24"]
[EventType "swiss"]
[EventRounds "10"]
[EventCountry "COL"]
[SourceTitle "CBM 210 Extra"]
[Source "ChessBase"]
[SourceDate "2022.11.30"]
[SourceVersion "1"]
[SourceVersionDate "2022.11.30"]
[SourceQuality "1"]

1. e4 e5 2. Nf3 d6 3. Nc3 Nf6 4. Bc4 Bg4 5. d3 Be7 6. 0-0 Nc6 7. Be3 0-0 8. h3 Bh5 9. Nd5 Nxd5 10. Bxd5 Kh8 11. c3 Qd7 12. g4 Bg6 13. Kh1 Nd8 14. Rg1 c6 15. Bb3 Ne6 16. Qe2 Nf4 17. Bxf4 exf4 18. Qd2 d5 19. Qxf4 Bd6 20. Qe3 Rae8 21. e5 f6 22. d4 fxe5 23. dxe5 Rxf3 24. Qxf3 Be4 25. Rg3 Bxe5 26. Qxe4 dxe4 27. Re3 Bb8 28. Rd1 Qc7 29. Rg3 Rf8 30. Kg2 Rxf2+ 31. Kxf2 Qxg3+ 32. Ke2 Qf3+ 33. Kd2 Qd3+ 34. Kc1 Bf4+ 0-1

[Event "Pereira Gildardo Garcia Memorial-B"]
[Site "Pereira"]
[Date "2022.05.19"]
[Round "3"]
[White "Jaramillo, Carlos Orlando"]
[Black "Gomez Diaz, Hector Javier"]
[Result "1-0"]
[WhiteElo "1850"]
[BlackElo "1540"]
[PlyCount "35"]
[EventDate "2022.05.18"]
[EventType "swiss"]
[EventRounds "9"]
[EventCountry "COL"]
[SourceTitle "CBM 208 Extra"]
[Source "ChessBase"]
[SourceDate "2022.07.31"]
[SourceVersion "1"]
[SourceVersionDate "2022.07.31"]
[SourceQuality "1"]

1. e4 c5 2. Ne2 Nc6 3. Nbc3 e6 4. g3 a6 5. a4 b6 6. Bg2 Bb7 7. 0-0 Qc7 8. d3 Be7 9. f4 d6 10. f5 exf5 11. Nd5 Qd8 12. Rxf5 Nf6 13. Nxe7 Qxe7 14. Bg5 Ne5 15. Qf1 Ned7 16. e5 Nxe5 17. Rxf6 h6 18. Rxh6 1-0

[Event "COL-ch U2000"]
[Site "Pereira"]
[Date "2022.02.18"]
[Round "5"]
[White "Jaramillo, Carlos Orlando"]
[Black "Mena Ardila, Alexander"]
[Result "0-1"]
[WhiteElo "1825"]
[BlackElo "1919"]
[PlyCount "120"]
[EventDate "2022.02.16"]
[EventType "swiss"]
[EventRounds "9"]
[EventCountry "COL"]
[SourceTitle "CBM 207 Extra"]
[Source "ChessBase"]
[SourceDate "2022.05.31"]
[SourceVersion "1"]
[SourceVersionDate "2022.05.31"]
[SourceQuality "1"]

1. e3 d5 2. d4 Nf6 3. Nf3 g6 4. c4 Bg7 5. Nc3 c6 6. b3 0-0 7. Bd3 Re8 8. 0-0 Nbd7 9. Bb2 e5 10. dxe5 Nxe5 11. Nxe5 Rxe5 12. Ne2 Re8 13. h3 dxc4 14. bxc4 Nh5 15. Bxg7 Nxg7 16. Qc2 Qg5 17. Kh2 Qe5+ 18. g3 Nf5 19. e4 Nd4 20. Nxd4 Qxd4 21. Rad1 Be6 22. f4 Rad8 23. f5 Bc8 24. Qc1 Qe5 25. Qh6 Bxf5 26. Rfe1 Be6 27. Qf4 Qc3 28. Qf1 Rd4 29. Re3 c5 30. Rf3 Bxc4 31. Bxc4 Qxc4 32. Qxc4 Rxc4 33. h4 Rcxe4 34. Ra3 a6 35. Rd7 R8e7 36. Rd8+ Kg7 37. Rc8 c4 38. Rc3 h5 39. a4 b5 40. Rb8 Re1 41. Kg2 R7e5 42. Rb6 Rd1 43. Rxa6 Rd3 44. Rc2 bxa4 45. Rxa4 c3 46. Kh3 Ree3 47. Rg2 Re1 48. Rh2 Rg1 49. Rg2 Rh1+ 50. Rh2 Rdd1 51. Rc4 Rxh2+ 52. Kxh2 Rd2+ 53. Kh3 c2 54. Rc6 f5 55. g4 Rd3+ 56. Kg2 hxg4 57. Rxc2 Rh3 58. Rc6 Rxh4 59. Kg3 Rh3+ 60. Kf4 Kh6 0-1

[Event "COL-ch U2000"]
[Site "Pereira"]
[Date "2022.02.17"]
[Round "3"]
[White "Jaramillo, Carlos Orlando"]
[Black "Guzman, River"]
[Result "1-0"]
[WhiteElo "1825"]
[BlackElo "1745"]
[PlyCount "93"]
[EventDate "2022.02.16"]
[EventType "swiss"]
[EventRounds "9"]
[EventCountry "COL"]
[SourceTitle "CBM 207 Extra"]
[Source "ChessBase"]
[SourceDate "2022.05.31"]
[SourceVersion "1"]
[SourceVersionDate "2022.05.31"]
[SourceQuality "1"]

1. e3 Nf6 2. c4 g6 3. b4 Bg7 4. Bb2 0-0 5. f4 d5 6. Nf3 Nc6 7. a3 Bf5 8. d4 e6 9. Nbd2 Ne7 10. Ne5 Ne4 11. c5 Nxd2 12. Qxd2 Be4 13. Bd3 Bxd3 14. Qxd3 c6 15. a4 Nf5 16. 0-0 Qc7 17. Bc3 a6 18. g4 Nh6 19. h3 f6 20. Nf3 Nf7 21. Kg2 Rae8 22. b5 axb5 23. axb5 e5 24. b6 Qb8 25. fxe5 fxe5 26. dxe5 Nxe5 27. Nxe5 Bxe5 28. Bxe5 Qxe5 29. Rxf8+ Rxf8 30. Qd4 Qe7 31. Rf1 Re8 32. Rf3 Ra8 33. Qf6 Qxf6 34. Rxf6 Rd8 35. Rf4 Kg7 36. Kf3 Ra8 37. g5 Re8 38. Rf6 h6 39. h4 Re7 40. h5 Rf7 41. Rxf7+ Kxf7 42. hxg6+ Kxg6 43. gxh6 Kxh6 44. Kf4 Kg6 45. Ke5 Kg5 46. Kd6 Kf5 47. Kc7 1-0

[Event "IBCA Pan American-ch 9th"]
[Site "Pereira"]
[Date "2021.12.01"]
[Round "6"]
[White "Gomez, Nicolas de Jesus"]
[Black "Jaramillo, Carlos Orlando"]
[Result "1-0"]
[WhiteElo "1642"]
[BlackElo "1900"]
[PlyCount "78"]
[EventDate "2021.11.29"]
[EventType "swiss"]
[EventRounds "7"]
[EventCountry "COL"]
[SourceTitle "EXT 2023"]
[Source "ChessBase"]
[SourceDate "2022.10.05"]
[SourceVersion "1"]
[SourceVersionDate "2022.10.05"]
[SourceQuality "1"]

1. e4 f6 2. d4 d5 3. Bd3 g6 4. Qf3 c6 5. c3 e6 6. h4 Bg7 7. h5 g5 8. h6 Bxh6 9. Qh5+ Kd7 10. exd5 cxd5 11. c4 Nc6 12. cxd5 exd5 13. Qd1 Kc7 14. Be3 a6 15. Nc3 Be6 16. Qb3 Qd6 17. a3 Na5 18. Qa4 b6 19. b4 Qc6 20. Qc2 Nc4 21. a4 Kb7 22. Rc1 b5 23. Nge2 Bf8 24. Bxc4 dxc4 25. d5 Bxd5 26. Nd4 Qd7 27. axb5 axb5 28. Ndxb5 Bxg2 29. Rd1 Qe6 30. Rxh7+ Rxh7 31. Qxh7+ Ne7 32. Rd6 Qf5 33. Rb6+ Kc8 34. Nd4 Qh3 35. Rd6 Kb7 36. Rb6+ Kc8 37. Ndb5 Kd7 38. Qf7 Kc8 39. Qh7 Qe6 1-0